000 00384nam a2200133Ia 4500
008 220216s9999 xx 000 0 und d
100 _aKphjiya S
245 0 _aReinforcement of general-purpose grade rubbers by silica generated in situ
260 _bRubber Chemistry and Technology
_c2000
300 _a534-550
650 _aSilane coupling agent
700 _aIkeda Y
942 _cJS
999 _c66639
_d66639